|
|
|
|
| LEADER |
01169nam a2200301 a 4500 |
| 001 |
1266 |
| 003 |
BD-DhAAL |
| 005 |
20150813162721.0 |
| 008 |
150813s1993 ctua b 001 0 eng |
| 010 |
|
|
|a 92001749
|
| 020 |
|
|
|a 8185814783
|
| 020 |
|
|
|a 0899307973 (alk. paper)
|
| 040 |
|
|
|a DLC
|c DLC
|d DLC
|d BD-DhAAL
|
| 050 |
0 |
0 |
|a HD70.U5
|b A8 1993
|
| 082 |
0 |
0 |
|a 658
|2 20
|
| 100 |
1 |
|
|a Arogyaswamy, Bernard.
|9 13750
|
| 245 |
1 |
0 |
|a Value-directed management :
|b organizations, customers, and quality /
|c Bernard Arogyaswamy and Ron P. Simmons.
|
| 260 |
|
|
|a Westport, Conn. :
|a New Delhi :
|b Quorum Books,
|b Wheeler Publishing,
|c c1993.
|
| 300 |
|
|
|a xviii, 230 p. :
|b ill. ;
|c 23 cm.
|
| 504 |
|
|
|a Includes bibliographical references and index.
|
| 541 |
|
|
|e 1266
|
| 650 |
|
0 |
|a Management
|z United States.
|9 13751
|
| 650 |
|
0 |
|a Quality of products
|z United States
|x Management.
|9 13752
|
| 650 |
|
0 |
|a Customer services
|z United States
|x Management.
|9 13753
|
| 700 |
1 |
|
|a Simmons, Ron P.,
|d 1957-
|9 13754
|
| 942 |
|
|
|2 ddc
|c BK
|
| 999 |
|
|
|c 35225
|d 35225
|
| 952 |
|
|
|0 0
|1 0
|2 ddc
|4 0
|6 658_000000000000000_ARO
|7 0
|9 55225
|a SCL
|b SCL
|c GEN
|d 2015-08-13
|l 0
|o 658 ARO
|p 3020001266
|r 2015-08-13
|t 1
|w 2015-08-13
|y BK
|